00785cam a2200217 a 45000010005000000030009000050050017000140080041000310100017000720200015000890400028001040820022001321000020001542450112001742600061002863000031003474900050003785040066004286500052004947000021005464271BD-DhUAP20201224100154.0201222s1997 cau b 001 0 eng  a 96032707  a0787903256 aDLCcDLCdBD-DhUAPbeng00a658.31244 GAL2231 aGallos, Joan V.10aTeaching diversity :blistening to the soul, speaking from the heart /cJoan V. Gallos, and V. Jean Ramsey. aSan Francisco, Calif. :bJossey-Bass Publishers,cc1997. axxvii, 274 pages ;c24 cm. aThe Jossey-Bass business & management series. aIncludes bibliographical references (p. 239-241) and indexes. 0aDiversity in the workplacexStudy and teaching.1 aRamsey, V. Jean.